[Event "Druzynowe Mistrzostwa Polski Juniorow - Ekstraliga"]
[Site "Centrum Wypoczynkowo-Szkoleniowe Gwarek, Ustron"]
[Date "1899-12-30"]
[Round "4.4"]
[White "Dzida, Kamil"]
[Black "Mis, Mieszko"]
[Result "0-1"]
[WhiteTitle "II+"]
[BlackTitle "I"]
[WhiteElo "1519"]
[BlackElo "1806"]

1. e4 c5 2. Nf3 Nc6 3. d4 cxd4 4. Nxd4 Nf6 5. Nc3 d6 6. Bg5 e6 7. Qd2 a6 8. O-O-O
Bd7 9. f4 b5 10. e5 dxe5 11. Nxc6 Bxc6 12. Qe3 Qc7 13. fxe5 Nd7 14. Rxd7 Bxd7
15. Qe4 Bc6 16. Qd4 h6 17. Bh4 g5 18. Bf2 Bg7 19. Bg3 Rd8 20. Qe3 Qb7 21. Bd3
Qd7 22. Be4 Bxe4 23. Nxe4 Qd4 24. Re1 Qxe3+ 25. Rxe3 O-O 26. h4 g4 27. h5 f5 28.
exf6 Bxf6 29. Nxf6+ Rxf6 30. b3 Rd5 31. Re4 Rxh5 32. Kb2 Rg6 33. c4 Kf7 34. Bd6
bxc4 35. bxc4 Ke8 36. c5 Rd5 37. Rb4 e5 38. Rb8+ Kf7 39. Rf8+ Kg7 40. Re8 Rdxd6
41. Re7+ Kf8 42. cxd6 Rxd6 43. Rh7 Kg8 44. Ra7 Rd2+ 45. Kb3 Rxg2 46. Rxa6 h5 47.
Rh6 Rh2 48. a4 Kg7 49. Re6 Re2 50. a5 g3 51. a6 g2 52. a7 g1=Q 53. a8=Q Qe3+ 0-1

[Event "Druzynowe Mistrzostwa Polski Juniorow - Ekstraliga"]
[Site "Centrum Wypoczynkowo-Szkoleniowe Gwarek, Ustron"]
[Date "1899-12-30"]
[Round "4.6"]
[White "Krzywnicka, Maria"]
[Black "Swiech, Joanna"]
[Result "0-1"]
[WhiteTitle "I+"]
[BlackTitle "I++"]
[WhiteElo "1564"]
[BlackElo "1798"]

1. e4 c6 2. d4 d5 3. Nc3 dxe4 4. Nxe4 Nd7 5. Nf3 Ngf6 6. Nxf6+ Nxf6 7. h3 Bf5 8.
Bd3 Bxd3 9. Qxd3 e6 10. Bg5 Be7 11. O-O-O O-O 12. g4 Qa5 13. Kb1 Rfd8 14. Qe2
Rd5 15. Bd2 Qb6 16. c4 Rd7 17. g5 Ne8 18. Bc3 Bb4 19. Bxb4 Qxb4 20. h4 Nd6 21.
Ne5 Re7 22. g6 fxg6 23. h5 g5 24. h6 g6 25. Rhg1 Nf7 26. Nxf7 Kxf7 27. Rxg5 Qd6
28. Re5 Rae8 29. Rd3 a6 30. Rf3+ Kg8 31. Qe4 Rf8 32. Rxf8+ Kxf8 33. Qe3 Kf7 34.
Qf4+ Ke8 35. a3 Kd7 36. Qe4 b5 37. c5 Qb8 38. Qf4 Qd8 39. Qd2 Rf7 40. Re2 Ke7
41. Qg5+ Rf6 42. Qe5 Kf7 43. f4 a5 44. Re3 a4 45. Re2 Qd7 46. Qb8 Ke7 47. Qh8
Rf7 48. Rd2 Qd5 49. Rd1 Qe4+ 50. Ka1 Qxf4 51. d5 cxd5 52. c6 Qc7 53. Qa8 Rf8 54.
Qa6 Rb8 55. Rc1 Kd6 56. Ka2 e5 57. b4 d4 58. Kb2 e4 59. Rf1 e3 0-1

[Event "Druzynowe Mistrzostwa Polski Juniorow - Ekstraliga"]
[Site "Centrum Wypoczynkowo-Szkoleniowe Gwarek, Ustron"]
[Date "1899-12-30"]
[Round "4.7"]
[White "Marczuk, Dominik"]
[Black "Wisniewski, Michal"]
[Result "1/2-1/2"]
[WhiteTitle "k"]
[BlackTitle "k"]
[WhiteElo "2184"]
[BlackElo "2140"]

1. e4 c5 2. Nf3 d6 3. d4 cxd4 4. Nxd4 Nf6 5. Nc3 g6 6. Be3 Bg7 7. f3 Nc6 8. Qd2
O-O 9. O-O-O d5 10. Nxc6 bxc6 11. Bh6 Bxh6 12. Qxh6 e5 13. Qg5 Re8 14. exd5 Nxd5
15. Qxd8 Rxd8 16. Bc4 Be6 17. Rhe1 Nxc3 18. Rxd8+ Rxd8 19. Bxe6 fxe6 20. bxc3
Rd5 21. Re4 Kf7 22. Ra4 Rd7 23. Ra6 Rc7 24. Kd2 Ke7 25. Kd3 Kd6 26. c4 Kc5 27.
Kc3 e4 28. fxe4 e5 29. Ra5+ Kd6 30. c5+ Kd7 31. Ra3 Kc8 32. Kd2 Rf7 33. Ke2 h6
34. Rd3 Rf6 35. c4 Kc7 36. Rd1 Kc8 37. Rd3 Kc7 38. Rh3 g5 39. Ra3 Kb7 40. Rd3
Kc7 41. Rd1 Rf4 42. Ke3 Rf6 43. g4 Kc8 44. Rh1 Rf4 45. Rg1 Kc7 46. Rg3 Rf1 47.
Rh3 Re1+ 48. Kd3 Rd1+ 49. Ke2 Rg1 50. Rxh6 Rxg4 51. Rh7+ Kb8 52. Kf3 Rf4+ 53.
Ke3 g4 54. Rh5 Rf3+ 55. Ke2 Ra3 56. Kf2 Rxa2+ 57. Kg3 Re2 58. Rxe5 a5 59. Re8+
Kb7 60. Kxg4 a4 61. Re7+ Kb8 62. Re8+ Kb7 63. Re7+ Ka6 64. Re6 Kb7 1/2-1/2

[Event "Druzynowe Mistrzostwa Polski Juniorow - Ekstraliga"]
[Site "Centrum Wypoczynkowo-Szkoleniowe Gwarek, Ustron"]
[Date "1899-12-30"]
[Round "4.8"]
[White "Kowalczyk, Mariusz"]
[Black "Golda, Sebastian"]
[Result "1-0"]
[WhiteTitle "I++"]
[BlackTitle "I"]
[WhiteElo "2174"]
[BlackElo "1959"]

1. e4 e5 2. Nf3 Nc6 3. Bc4 Bc5 4. c3 Nf6 5. d3 d6 6. h3 h6 7. Nbd2 a6 8. Bb3 Ba7
9. O-O g5 10. Nc4 g4 11. hxg4 Bxg4 12. Ne3 Qd7 13. Nxg4 Qxg4 14. Nh2 Qg6 15. Qf3
O-O-O 16. Be3 Kb8 17. Rfe1 Rdf8 18. Bd1 Rhg8 19. Bxa7+ Kxa7 20. Kf1 Nh7 21. Qe3+
Kb8 22. g3 f5 23. exf5 Qxf5 24. Bf3 h5 25. Ke2 h4 26. gxh4 Nf6 27. Rg1 e4 28.
Bxe4 Nxe4 29. Rxg8 Nxc3+ 30. bxc3 Rxg8 31. Nf3 Qh5 32. Kd2 Re8 33. Qf4 Qb5 34.
Rc1 Qb2+ 35. Rc2 Qb1 36. Qf7 Re7 37. Qg8+ Ka7 38. Rc1 Qb6 39. d4 Qb5 40. Re1 Qb2+
41. Kd3 Rd7 42. Nd2 Ne5+ 43. Ke2 Nf7 44. Qe8 Qb5+ 45. Kd1 Qh5+ 46. Kc1 Rd8 47.
Qe4 Rh8 48. Qf3 Qg6 49. Re7 Nd8 50. Qg3 Qf6 51. Re4 Nc6 52. Qf4 Qg7 53. Qg3 Qf7
54. Kb2 Rf8 55. f3 Ne7 56. Qg5 Nc6 57. c4 Rg8 58. Qe3 Kb8 59. Rg4 Rf8 60. Kc3
Qf6 61. Qg5 Qf7 62. h5 Ne7 63. Qg7 Qxg7 64. Rxg7 Nf5 65. Rg4 Rh8 66. Rg5 Rf8 67.
Kd3 Kc8 68. Ke4 Ne7 69. f4 Kd7 70. Nf3 Ke6 71. Rg7 Kf6 72. Rg5 Re8 73. Kd3 c6
74. Nh2 b5 75. Ng4+ Kf7 76. c5 dxc5 77. dxc5 Nd5 78. Ne5+ Kf6 79. Ke4 Nc3+ 80.
Kf3 Nxa2 81. Rg6+ Ke7 82. Nxc6+ Kf8 83. h6 Kf7 84. Ne5+ Ke7 85. Rxa6 Nc3 86. h7
1-0

[Event "Druzynowe Mistrzostwa Polski Juniorow - Ekstraliga"]
[Site "Centrum Wypoczynkowo-Szkoleniowe Gwarek, Ustron"]
[Date "1899-12-30"]
[Round "4.9"]
[White "Korcyl, Patryk"]
[Black "Pultorak, Jan"]
[Result "0-1"]
[WhiteTitle "II"]
[BlackTitle "I"]
[WhiteElo "1342"]
[BlackElo "2126"]

1. e4 c5 2. Nf3 d6 3. d4 Nf6 4. Nc3 cxd4 5. Nxd4 a6 6. Be3 e6 7. f3 b5 8. Qd2 Nbd7
9. O-O-O Bb7 10. g4 Nb6 11. g5 Nfd7 12. h4 Rc8 13. Kb1 Qc7 14. a3 Ne5 15. f4 Nec4
16. Bxc4 Nxc4 17. Qd3 Nxa3+ 18. bxa3 Qxc3 19. Qxc3 Rxc3 20. Rd3 Rc7 21. Rd2 Bxe4
22. Re1 d5 23. f5 e5 24. Nb3 Bxa3 25. Ree2 O-O 26. f6 Rfc8 27. Rh2 Rc3 28. Ka2
Bf8 29. fxg7 Bxg7 30. Bc5 R3xc5 31. Nxc5 Rxc5 32. h5 d4 33. Rhf2 Bd5+ 34. Kb1
e4 35. Rf4 e3 36. Re2 Bc4 37. Re1 Rxg5 38. h6 Be5 39. Re4 Bd5 40. Rxe5 Rxe5 41.
Rg1+ Kf8 42. Rg7 e2 0-1

[Event "Druzynowe Mistrzostwa Polski Juniorow - Ekstraliga"]
[Site "Centrum Wypoczynkowo-Szkoleniowe Gwarek, Ustron"]
[Date "1899-12-30"]
[Round "4.10"]
[White "Oglaza, Oskar"]
[Black "Szczurek, Krzysztof"]
[Result "1-0"]
[WhiteTitle "I"]
[BlackTitle "I"]
[WhiteElo "1950"]
[BlackElo "1916"]

1. e4 c5 2. Nf3 d6 3. d4 cxd4 4. Nxd4 Nf6 5. Nc3 a6 6. h3 e5 7. Nde2 Be6 8. g4
Be7 9. Bg2 O-O 10. Ng3 Nbd7 11. Nf5 Bxf5 12. exf5 Nc5 13. Be3 Rb8 14. O-O b5 15.
g5 Nfd7 16. Qg4 Kh8 17. Nd5 e4 18. Qh4 a5 19. Rad1 b4 20. Bf4 Nb7 21. Bxe4 Ndc5
22. f6 Bxf6 23. Qxh7# 1-0

[Event "Druzynowe Mistrzostwa Polski Juniorow - Ekstraliga"]
[Site "Centrum Wypoczynkowo-Szkoleniowe Gwarek, Ustron"]
[Date "1899-12-30"]
[Round "4.11"]
[White "Marczuk, Anna"]
[Black "Kopica, Paulina"]
[Result "1/2-1/2"]
[WhiteTitle "k"]
[BlackTitle "I++"]
[WhiteElo "1969"]
[BlackElo "1788"]

1. Nf3 e6 2. e4 d5 3. e5 c5 4. c3 Nc6 5. Na3 Bd7 6. Nc2 Qb6 7. d4 cxd4 8. cxd4
Nge7 9. Bd3 Nb4 10. Nxb4 Qxb4+ 11. Qd2 Nc6 12. a3 Qb6 13. Qe3 Na5 14. O-O Bb5
15. Nd2 Rc8 16. b3 Be7 17. Bb2 Bxd3 18. Qxd3 O-O 19. f4 f5 20. Rfc1 Rc7 21. Rxc7
Qxc7 22. Rc1 Qd7 23. Qc3 Nc6 24. Nf3 Rc8 25. Ne1 a6 26. Nd3 Na7 27. Qd2 Rxc1+
28. Qxc1 Qc6 29. Qxc6 Nxc6 30. Kf2 Kf8 31. Ke2 Ke8 32. Kd2 Kd7 33. Kc3 b6 34.
Bc1 Na7 35. a4 Nc6 36. Bb2 Nd8 37. Kc2 Kc6 38. Bc3 a5 39. b4 axb4 40. Bxb4 Bxb4
41. Nxb4+ Kb7 42. Kc3 Kc7 43. Nd3 Nc6 44. Ne1 Kd7 45. Nf3 h6 46. h3 h5 47. Nd2
Ke7 48. Nf1 Kf7 49. Ng3 g6 50. Nf1 Ke7 51. Ne3 Kd7 52. Nc2 Kc7 53. Ne1 Kd7 54.
Nc2 Kc7 55. Na3 Na7 56. Kb4 Nc6+ 57. Kc3 Na7 1/2-1/2

[Event "Druzynowe Mistrzostwa Polski Juniorow - Ekstraliga"]
[Site "Centrum Wypoczynkowo-Szkoleniowe Gwarek, Ustron"]
[Date "1899-12-30"]
[Round "4.12"]
[White "Trusz, Julia"]
[Black "Dylag, Emilia"]
[Result "1/2-1/2"]
[WhiteTitle "I"]
[BlackTitle "I"]
[WhiteElo "1510"]
[BlackElo "1602"]

1. e4 c5 2. Nf3 Nc6 3. d4 cxd4 4. Nxd4 g6 5. Nc3 Bg7 6. Nb3 Nf6 7. Be2 O-O 8. O-O
d6 9. Re1 a6 10. Bf1 b5 11. Nd5 Bb7 12. Bg5 Nd7 13. c3 f6 14. Bh4 Rc8 15. Nf4
Qb6 16. Ne6 Rf7 17. Nxg7 Kxg7 18. Nd4 Nxd4 19. Qxd4 Qxd4 20. cxd4 Rc2 21. Rab1
Rf8 22. f3 Rfc8 23. Bd3 R2c7 24. Bf2 Kf7 25. Be3 Nb6 26. Kf2 Nc4 27. Bxc4+ Rxc4
28. Rbc1 Rc2+ 29. Rxc2 Rxc2+ 30. Re2 Rxe2+ 31. Kxe2 Ke6 32. Kd3 d5 33. a3 dxe4+
34. fxe4 f5 35. exf5+ Kxf5 36. g3 Kg4 37. Ke2 Kh3 38. Bf4 Kxh2 39. g4+ Kh3 40.
g5 Kg4 41. Bd2 Kf5 42. Kd3 Ke6 43. Bb4 Kd7 44. Ke3 Ke6 45. Kd3 Bd5 46. Ke3 Bb7
47. Kf4 Bd5 48. Bc5 Bb7 49. Bb4 Bd5 1/2-1/2

[Event "Druzynowe Mistrzostwa Polski Juniorow - Ekstraliga"]
[Site "Centrum Wypoczynkowo-Szkoleniowe Gwarek, Ustron"]
[Date "1899-12-30"]
[Round "4.13"]
[White "Niekras, Dawid"]
[Black "Grela, Kacper"]
[Result "0-1"]
[WhiteTitle "k"]
[BlackTitle "k"]
[WhiteElo "2276"]
[BlackElo "2294"]

1. e4 c5 2. Nf3 d6 3. d4 cxd4 4. Nxd4 Nf6 5. Nc3 Nc6 6. Bc4 e5 7. Nde2 Be6 8. Bb3
Be7 9. Bg5 O-O 10. Bxf6 Bxf6 11. O-O Rc8 12. Nd5 Bg5 13. c3 Ne7 14. Qd3 Rc5 15.
Nxe7+ Qxe7 16. Rad1 Rd8 17. Ng3 g6 18. Rfe1 a5 19. Nf1 b5 20. Ne3 a4 21. Bxe6
fxe6 22. b4 axb3 23. axb3 Qc7 24. Rc1 b4 25. c4 d5 26. exd5 exd5 27. Rcd1 dxc4
28. Qe4 Bxe3 29. Rxd8+ Qxd8 30. Qxe3 Qd4 31. Qh3 Qd5 32. bxc4 Rxc4 33. Qb3 Rd4
34. Qa4 Kg7 35. Qa7+ Qd7 36. Qc5 Qd6 37. Qa7+ Kh6 38. Qa4 Rd3 39. h3 b3 40. Qa1
Rd2 41. Qc3 Qd4 42. Qg3 Qf4 43. Rxe5 Qxg3 44. fxg3 Rd1+ 0-1

[Event "Druzynowe Mistrzostwa Polski Juniorow - Ekstraliga"]
[Site "Centrum Wypoczynkowo-Szkoleniowe Gwarek, Ustron"]
[Date "1899-12-30"]
[Round "4.14"]
[White "Kulas, Szymon"]
[Black "Mirski, Michal"]
[Result "1-0"]
[WhiteTitle "k"]
[BlackTitle "I"]
[WhiteElo "2243"]
[BlackElo "1922"]

1. d4 Nf6 2. Nf3 e6 3. c4 Bb4+ 4. Bd2 Qe7 5. g3 O-O 6. Bg2 d5 7. O-O c6 8. Qb3
Bd6 9. Nc3 Nbd7 10. Rfe1 dxc4 11. Qxc4 e5 12. e4 exd4 13. Nxd4 Ne5 14. Qe2 Bc5
15. Nf5 Qd8 16. Na4 Bxf5 17. exf5 Nd3 18. Nxc5 Nxc5 19. Bg5 Re8 20. Qc4 Ncd7 21.
b4 Ne5 22. Qh4 h6 23. Bxf6 Qxf6 24. Qxf6 gxf6 25. Rad1 Kf8 26. Re4 Rad8 27. Red4
Ke7 28. f4 Rxd4 29. Rxd4 Nd7 30. Kf2 Kd8 31. g4 Kc7 32. Rd3 Rg8 33. Rg3 c5 34.
Bd5 Rg7 35. a3 b5 36. bxc5 Nxc5 37. Kf3 Kd6 38. Ba2 Nd3 39. Rh3 Rh7 40. Ke3 Ne1
41. Bb1 Rh8 42. Kf2 Rc8 43. Rxh6 Ke7 44. g5 fxg5 45. fxg5 Rc1 46. Be4 Rc4 47.
Ke3 Rc3+ 48. Kd4 Rxa3 49. Kd5 b4 50. f6+ Kd7 51. Bf5+ Kc7 52. g6 Ra5+ 53. Kc4
fxg6 54. Bxg6 Ra6 55. f7 Rc6+ 56. Kxb4 Rb6+ 57. Ka5 Rb8 58. Rh4 Nf3 59. Rf4 Ne5
60. f8=Q Rxf8 61. Rxf8 Nxg6 62. Rf7+ Kd8 63. Rxa7 Ke8 64. Kb4 Ne7 65. Kc4 Kf7
66. Kd3 Kf6 67. Ra5 Nf5 68. Ke4 1-0

[Event "Druzynowe Mistrzostwa Polski Juniorow - Ekstraliga"]
[Site "Centrum Wypoczynkowo-Szkoleniowe Gwarek, Ustron"]
[Date "1899-12-30"]
[Round "4.15"]
[White "Zajac, Szymon"]
[Black "Gumularz, Szymon"]
[Result "0-1"]
[WhiteTitle "II"]
[BlackTitle "I++"]
[WhiteElo "1405"]
[BlackElo "2284"]

1. d4 Nf6 2. c4 c5 3. e3 g6 4. Nc3 Bg7 5. Nf3 O-O 6. Be2 cxd4 7. exd4 d5 8. h3
Nc6 9. Be3 dxc4 10. Bxc4 Na5 11. Bb3 b6 12. O-O Nxb3 13. Qxb3 Bb7 14. Ne5 e6 15.
Rfd1 Qe7 16. a4 Nd5 17. Nxd5 Bxd5 18. Qb5 Qb7 19. f3 Rfc8 20. Rac1 Bf8 21. Qd3
f6 22. Ng4 Kf7 23. Nh6+ Kg7 24. Ng4 Be7 25. Bh6+ Kf7 26. h4 Rxc1 27. Rxc1 Rc8
28. h5 Rxc1+ 29. Bxc1 Qc6 30. hxg6+ hxg6 31. Qe3 g5 32. Nh6+ Ke8 33. Ng8 Bd8 34.
Qd2 Qxa4 35. Qd3 Qd7 36. Nh6 f5 37. f4 g4 38. Qg3 Qg7 39. Nxf5 exf5 40. Qe3+ Qe7
0-1

[Event "Druzynowe Mistrzostwa Polski Juniorow - Ekstraliga"]
[Site "Centrum Wypoczynkowo-Szkoleniowe Gwarek, Ustron"]
[Date "1899-12-30"]
[Round "4.16"]
[White "Czopor, Maciej"]
[Black "Wikar, Rafal"]
[Result "1-0"]
[WhiteTitle "I+"]
[BlackTitle "II"]
[WhiteElo "1791"]
[BlackElo "1417"]

1. e4 e5 2. Nf3 Nc6 3. Bb5 a6 4. Ba4 b5 5. Bb3 Nf6 6. d3 h6 7. O-O d6 8. c3 Be7
9. Nbd2 Bg4 10. Re1 O-O 11. Nf1 Na5 12. Bc2 c5 13. Ng3 Nc6 14. h3 Be6 15. d4 exd4
16. cxd4 d5 17. e5 Nd7 18. Qd3 g6 19. Bxh6 c4 20. Qe3 Re8 21. Rad1 Nf8 22. Ng5
Bxg5 23. Bxg5 f6 24. Bxf6 Qd7 25. f4 Qh7 26. f5 Bxf5 27. Nxf5 gxf5 28. Qg5+ Qg6
29. Qxg6+ Nxg6 30. Bxf5 Nge7 31. Be6+ Kh7 32. Re3 Ra7 33. Rg3 Nd8 34. Rg7+ Kh6
35. Bxd5 Rc7 36. Be4 Ne6 37. Rh7# 1-0

[Event "Druzynowe Mistrzostwa Polski Juniorow - Ekstraliga"]
[Site "Centrum Wypoczynkowo-Szkoleniowe Gwarek, Ustron"]
[Date "1899-12-30"]
[Round "4.17"]
[White "Leczek, Weronika"]
[Black "Dadello, Aleksandra"]
[Result "0-1"]
[WhiteTitle "I"]
[BlackTitle "I++"]
[WhiteElo "1655"]
[BlackElo "2068"]

1. e4 e5 2. Nf3 Nc6 3. d4 exd4 4. Bc4 Bc5 5. O-O Nf6 6. e5 d5 7. exf6 dxc4 8. Re1+
Be6 9. Ng5 Qd5 10. Nc3 Qf5 11. g4 Qg6 12. Nce4 Bb6 13. Nxe6 fxe6 14. f7+ Kd7 15.
Ng5 Nd8 16. Re4 h6 17. Rf4 Nc6 18. Nf3 e5 19. Nh4 Qe6 20. Re4 Raf8 21. f4 Rxf7
22. f5 Qd5 23. Qf3 Kc8 24. Bd2 d3+ 25. Be3 Nd4 26. Bxd4 Bxd4+ 0-1

[Event "Druzynowe Mistrzostwa Polski Juniorow - Ekstraliga"]
[Site "Centrum Wypoczynkowo-Szkoleniowe Gwarek, Ustron"]
[Date "1899-12-30"]
[Round "4.18"]
[White "Dwilewicz, Agata"]
[Black "Wikar, Martyna"]
[Result "0-1"]
[WhiteTitle "I"]
[BlackTitle "I"]
[WhiteElo "1659"]
[BlackElo "1557"]

1. e4 c5 2. Nf3 e6 3. d4 cxd4 4. Nxd4 a6 5. Bd3 Qc7 6. O-O Nf6 7. c4 Be7 8. Nc3
O-O 9. b3 b5 10. Bb2 b4 11. Nce2 Bb7 12. Ng3 d6 13. Rc1 Nbd7 14. Qe2 Nc5 15. Bb1
Rfd8 16. Rfe1 Bf8 17. f3 Qb6 18. Kh1 Rac8 19. Red1 e5 20. Ndf5 g6 21. Ne3 Bh6
22. Re1 Ne6 23. Rcd1 Nf4 24. Qf1 a5 25. Bc1 Ba6 26. Qg1 Qc5 27. Ng4 Nxg4 28. fxg4
a4 29. Be3 Qc6 30. h4 Qd7 31. g5 Bg7 32. Nf1 Qg4 33. Qf2 f6 34. Nh2 Qe6 35. Bxf4
exf4 36. Qxf4 fxg5 37. Qxg5 Kh8 38. Nf3 axb3 39. axb3 Bb7 40. Re2 Rf8 41. Qg3
Rcd8 42. Ng5 Qe7 43. Qh3 Bc8 44. Qd3 Bg4 45. Rde1 Bxe2 46. Qxe2 h6 47. Nf3 Rf7
48. Rd1 Rdf8 49. Qf2 Be5 50. Bc2 Kg7 51. Rd5 Qe6 52. Bd1 Rf4 53. Qe2 Qg4 54. Qe1
Rxe4 55. Be2 Rxf3 56. gxf3 Qh3+ 57. Kg1 Bh2+ 58. Kh1 Bg3+ 0-1

[Event "Druzynowe Mistrzostwa Polski Juniorow - Ekstraliga"]
[Site "Centrum Wypoczynkowo-Szkoleniowe Gwarek, Ustron"]
[Date "1899-12-30"]
[Round "4.19"]
[White "Jarmula, Lukasz"]
[Black "Koziol, Kamil"]
[Result "1/2-1/2"]
[WhiteTitle "FM"]
[BlackTitle "k"]
[WhiteElo "2395"]
[BlackElo "2132"]

1. d4 d5 2. c4 e6 3. Nc3 c5 4. cxd5 exd5 5. Nf3 Nc6 6. dxc5 Bxc5 7. Qxd5 Qb6 8.
e3 Nf6 9. Qb3 Qxb3 10. axb3 Bf5 11. Bc4 h6 12. O-O O-O 13. Bd2 Rac8 14. Rfc1 Rfd8
15. h3 g5 16. Be1 a6 17. Ne2 Ba7 18. Ned4 Nxd4 19. Nxd4 Bxd4 20. exd4 Kg7 21.
Rd1 Nd5 22. Ba5 Rd7 23. Re1 Be6 24. Bd2 Rc6 25. h4 f6 26. hxg5 hxg5 27. Rac1 Bf7
28. Kh2 Nc7 29. Bxf7 Rxc1 30. Rxc1 Kxf7 31. f4 Ne6 32. fxg5 fxg5 33. Be3 Nxd4
34. Bxd4 Rxd4 35. Rc7+ Kf6 36. Rxb7 Rd2 37. Rb6+ Kf5 38. Rxa6 Rxb2 39. Rb6 Kg4
40. Rb4+ Kf5 41. Kh3 Rd2 42. g3 Rd3 43. Rb8 Rd2 44. Rf8+ Kg6 45. b4 Rb2 46. Rb8
Kh5 47. g4+ Kg6 48. b5 Rb3+ 49. Kg2 Rb4 50. Kf3 Rf4+ 51. Kg3 Rb4 52. b6 Kg7 53.
Rb7+ Kg6 54. Rb8 Kg7 55. b7 Rb3+ 56. Kf2 Kh7 57. Ke2 Kg7 58. Kd2 Rb4 59. Kc3 Rb1
60. Kd4 Rb4+ 61. Kd5 Rb1 62. Ke5 Rb5+ 63. Ke4 Rb4+ 64. Kd5 Rb1 65. Ke4 1/2-1/2

[Event "Druzynowe Mistrzostwa Polski Juniorow - Ekstraliga"]
[Site "Centrum Wypoczynkowo-Szkoleniowe Gwarek, Ustron"]
[Date "1899-12-30"]
[Round "4.20"]
[White "Tomaszewski, Kacper"]
[Black "Mucha, Piotr"]
[Result "1-0"]
[WhiteTitle "k"]
[BlackTitle "k"]
[WhiteElo "2207"]
[BlackElo "2215"]

1. d4 d5 2. Nf3 Nf6 3. c4 c6 4. Nc3 dxc4 5. a4 Bf5 6. e3 e6 7. Bxc4 Bb4 8. O-O
Nbd7 9. Qe2 Bg6 10. Rd1 O-O 11. Bd2 Qe7 12. Qe1 Bd6 13. e4 e5 14. d5 Nb6 15. Bb3
cxd5 16. a5 dxe4 17. Nh4 Nbd7 18. Bg5 Bb4 19. Nxg6 hxg6 20. Nd5 Nxd5 21. Bxe7
Bxe1 22. Rxd5 1-0

[Event "Druzynowe Mistrzostwa Polski Juniorow - Ekstraliga"]
[Site "Centrum Wypoczynkowo-Szkoleniowe Gwarek, Ustron"]
[Date "1899-12-30"]
[Round "4.21"]
[White "Gazik, Viktor"]
[Black "Posluszny, Tomasz"]
[Result "1-0"]
[WhiteTitle "FM"]
[BlackTitle "II"]
[WhiteElo "2434"]
[BlackElo "1440"]

1. Nf3 c5 2. g3 d5 3. Bg2 Nf6 4. O-O Nc6 5. d3 Bf5 6. Nbd2 e6 7. Nh4 Bg6 8. c3
Be7 9. h3 Nd7 10. Nxg6 hxg6 11. Qc2 Qc7 12. e4 d4 13. Nf3 e5 14. h4 f6 15. Bh3
O-O-O 16. Kg2 Kb8 17. a3 Rdf8 18. Be6 Nd8 19. Ba2 Nb6 20. cxd4 cxd4 21. Qd1 Nf7
22. Bd2 Qd7 23. Rh1 Rh5 24. a4 Bd6 25. a5 Nc8 26. Bc4 Be7 27. Qb3 Ncd6 28. Be6
Qb5 29. Bb4 Qe8 30. Rhc1 Rhh8 31. Bc5 Nc8 32. Bxc8 1-0

[Event "Druzynowe Mistrzostwa Polski Juniorow - Ekstraliga"]
[Site "Centrum Wypoczynkowo-Szkoleniowe Gwarek, Ustron"]
[Date "1899-12-30"]
[Round "4.22"]
[White "Grochol, Kamil"]
[Black "Lis, Mateusz"]
[Result "0-1"]
[WhiteTitle "II"]
[BlackTitle "I"]
[WhiteElo "1402"]
[BlackElo "1839"]

1. e4 c5 2. Nf3 e6 3. d4 cxd4 4. Nxd4 a6 5. Nc3 b5 6. a3 Bb7 7. Be3 Qc7 8. Be2
d6 9. Qd2 Nd7 10. f3 Ngf6 11. O-O Be7 12. Rad1 O-O 13. Rfe1 Rfd8 14. Bd3 Rac8
15. Qf2 d5 16. exd5 Nxd5 17. Nxd5 Bxd5 18. Ne2 Nc5 19. Kh1 Bd6 20. Qh4 Nxd3 21.
cxd3 Qb7 22. Rf1 Be7 23. Qg3 Bb3 24. Rd2 b4 25. Bd4 f6 26. axb4 Bxb4 27. Bc3 e5
28. Qg4 Bf8 29. h3 Qb5 30. Qe4 Bd5 31. Qg4 Bf7 32. f4 Rc6 33. fxe5 fxe5 34. Qg5
Re8 35. Rf5 Rg6 36. Qe3 Qc6 37. Nc1 Bd5 38. Rg5 Ree6 39. Rxg6 Rxg6 40. Qg1 Bc5
41. Qf1 Be3 42. Rc2 Qe6 43. Kh2 Bf4+ 44. Kg1 Qxh3 0-1

[Event "Druzynowe Mistrzostwa Polski Juniorow - Ekstraliga"]
[Site "Centrum Wypoczynkowo-Szkoleniowe Gwarek, Ustron"]
[Date "1899-12-30"]
[Round "4.23"]
[White "Gazikova, Veronika"]
[Black "Cieslak, Wiktoria"]
[Result "1-0"]
[WhiteTitle "WFM"]
[BlackTitle "k"]
[WhiteElo "2263"]
[BlackElo "1795"]

1. e4 c5 2. Nf3 Nc6 3. d4 cxd4 4. Nxd4 d5 5. Bb5 dxe4 6. Nxc6 Qxd1+ 7. Kxd1 a6
8. Na7+ axb5 9. Nxb5 Bg4+ 10. Ke1 O-O-O 11. N1c3 e5 12. Be3 f5 13. h3 Bh5 14.
Kf1 Nf6 15. Kg1 h6 16. Kh2 g5 17. Na4 f4 18. Ba7 Rd2 19. Nb6+ Kd8 20. Nc4 Rd7
21. a4 Bg7 22. Nxe5 Rd5 23. Bd4 Ne8 24. Bb6+ Ke7 25. Nc4 Be2 26. Rhe1 f3 27. Ne3
Be5+ 28. g3 Rd7 29. Bd4 Ke6 30. Bxe5 Kxe5 31. Nc3 Nf6 32. Nxe2 fxe2 33. Rxe2 h5
34. Rd1 Rxd1 35. Nxd1 g4 36. h4 Rd8 37. Nc3 Rd4 38. Kg2 Nd7 39. Kf1 Kf5 40. b3
Ne5 41. Re1 Rd2 42. Nd1 Nf3 43. Ne3+ Ke6 44. Rd1 Rxd1+ 45. Nxd1 Kd5 46. Nc3+ Kd4
47. Nb5+ Kc5 48. Ke2 Kb4 49. Ke3 Ne1 50. Nd4 Kc3 51. Kxe4 Nxc2 52. Nxc2 Kxc2 53.
b4 Kb3 54. f4 gxf3 55. Kxf3 Kxb4 56. g4 hxg4+ 57. Kxg4 Kxa4 58. h5 b5 59. h6 b4
60. h7 Ka3 61. h8=Q Ka2 62. Qh2+ Ka1 63. Qe5+ Ka2 64. Qa5+ Kb3 65. Kf3 Kc4 66.
Ke2 b3 67. Kd2 b2 68. Qc3+ 1-0

[Event "Druzynowe Mistrzostwa Polski Juniorow - Ekstraliga"]
[Site "Centrum Wypoczynkowo-Szkoleniowe Gwarek, Ustron"]
[Date "1899-12-30"]
[Round "4.24"]
[White "Guzik, Natalia"]
[Black "Kulpa, Zuzanna"]
[Result "1-0"]
[WhiteTitle "I++"]
[BlackTitle "I"]
[WhiteElo "1722"]
[BlackElo "1589"]

1. e4 e5 2. Bc4 Nc6 3. Nf3 Bc5 4. d3 d6 5. c3 Nf6 6. Bb3 a6 7. O-O Ba7 8. Nbd2
O-O 9. h3 h6 10. Re1 Nh5 11. Nf1 Qf6 12. Ne3 Nf4 13. Nd5 Nxd5 14. exd5 Ne7 15.
d4 Ng6 16. Be3 Bd7 17. dxe5 Nxe5 18. Nxe5 dxe5 19. Bxa7 Rxa7 20. Qh5 Re8 21. Re3
Bf5 22. Rae1 Bg6 23. Qe2 e4 24. Bc2 Raa8 25. Bxe4 Bxe4 26. Rxe4 Rxe4 27. Qxe4
Rd8 28. Re3 Qb6 29. Qe7 Rf8 30. c4 Qd6 31. Qxd6 cxd6 32. Rb3 Rc8 33. Rxb7 Rxc4
34. Rb8+ Kh7 35. Rb6 Rc2 36. Rxd6 a5 37. Rb6 Rc5 38. d6 Rd5 39. Kf1 f6 40. Ra6
Kg6 41. d7 Rxd7 42. Rxa5 Rd2 43. Rb5 Rd1+ 44. Ke2 Ra1 45. a3 Ra2 46. g4 Kf7 47.
f4 Ke6 48. Kd3 Kd6 49. Ke4 Kc6 50. Rb4 Ra1 51. Kf5 Rh1 52. Rb3 Rf1 53. Kg6 Rxf4
54. Kxg7 Kc5 55. Kxh6 1-0

[Event "Druzynowe Mistrzostwa Polski Juniorow - Ekstraliga"]
[Site "Centrum Wypoczynkowo-Szkoleniowe Gwarek, Ustron"]
[Date "1899-12-30"]
[Round "4.25"]
[White "Chomczyk, Marek"]
[Black "Kiolbasa, Oliwia"]
[Result "1-0"]
[WhiteTitle "k"]
[BlackTitle "WFM"]
[WhiteElo "2165"]
[BlackElo "2210"]

1. d4 d5 2. c4 c6 3. e3 Nf6 4. Nc3 g6 5. Nf3 Bg7 6. Bd3 O-O 7. O-O Bg4 8. h3 Bxf3
9. Qxf3 dxc4 10. Bxc4 Nbd7 11. Rd1 Qc7 12. e4 e5 13. d5 Nb6 14. Bb3 cxd5 15. exd5
Nc8 16. Bg5 Ne8 17. d6 Ncxd6 18. Nd5 Qb8 19. Be7 Nf5 20. Bxf8 Kxf8 21. Ne3 e4
22. Qxe4 Ned6 23. Qd5 Qc7 24. Rac1 Qe7 25. Nxf5 Nxf5 26. Re1 Qf6 27. Rc7 Nd6 28.
Qxd6+ 1-0

[Event "Druzynowe Mistrzostwa Polski Juniorow - Ekstraliga"]
[Site "Centrum Wypoczynkowo-Szkoleniowe Gwarek, Ustron"]
[Date "1899-12-30"]
[Round "4.26"]
[White "Szostko, Jakub"]
[Black "Nowak, Lukasz"]
[Result "0-1"]
[WhiteTitle "FM"]
[BlackTitle "k"]
[WhiteElo "2319"]
[BlackElo "2116"]

1. e4 e6 2. d4 d5 3. Nc3 Bb4 4. e5 Ne7 5. Nf3 c5 6. dxc5 Bxc3+ 7. bxc3 Nd7 8. Bd3
Qc7 9. Qe2 Ng6 10. O-O O-O 11. Re1 Nxc5 12. c4 dxc4 13. Bxc4 b6 14. h4 h6 15.
h5 Ne7 16. Nd4 Nf5 17. Nxf5 exf5 18. Bd5 Bb7 19. c4 Rad8 20. Qf3 Bc8 21. Qg3 Kh8
22. Ba3 Be6 23. Rad1 Rd7 24. Rd4 Rfd8 25. Red1 Ne4 26. Qf4 Nc3 27. Bd6 Qxd6 28.
exd6 Ne2+ 29. Kf1 Nxf4 30. Bc6 Nxh5 31. Bxd7 Rxd7 32. a4 Nf6 33. a5 Rd8 34. axb6
axb6 35. Ke2 Rc8 36. Kd3 Nd7 37. f4 Ra8 38. Kc3 g6 39. Kb4 Kg7 40. R1d3 Kf6 41.
Ra3 Rxa3 42. Kxa3 Nc5 43. Rd2 Nb7 44. Kb4 Bd7 45. Ra2 Nxd6 46. Ra6 Be6 47. c5
bxc5+ 48. Kxc5 Ne4+ 49. Kd4 g5 50. Ke3 gxf4+ 51. Kxf4 Nc3 52. g3 Nd5+ 53. Kf3
Kg5 54. Ra4 Nf6 55. Kg2 Ng4 56. Ra5 Ne3+ 57. Kf3 Nd5 58. Ra4 Ne7 59. Kg2 Ng6 60.
Ra5 Kg4 61. Ra4+ f4 62. Kh2 Kf3 63. Ra3+ Kf2 64. gxf4 Nxf4 65. Ra8 Kf3 66. Ra3+
Kg4 67. Rg3+ Kf5 68. Ra3 Kg5 69. Ra5+ f5 70. Ra7 Ng6 71. Ra6 Bd5 72. Ra5 Be4 73.
Rb5 h5 74. Ra5 Kg4 75. Ra4 Ne5 76. Ra7 Nf3+ 77. Kg2 h4 78. Rg7+ Ng5+ 79. Kh2 Kf4
80. Rg8 Bf3 81. Rh8 Bg4 82. Ra8 Nf3+ 83. Kh1 Ke3 84. Ra3+ Ke2 85. Ra4 Ne1 86.
Kg1 Nd3 87. Ra2+ Ke3 88. Rh2 h3 89. Ra2 f4 90. Ra4 Be2 91. Ra8 f3 92. Re8+ Kd2
93. Rf8 f2+ 94. Rxf2 Nxf2 95. Kxf2 Bg4 0-1